Mathematics for Business with Machine Applications (Record no. 1005)

MARC details
005 - DATE AND TIME OF LATEST TRANSACTION
control field 20250319142345.0
020 ## - INTERNATIONAL STANDARD BOOK NUMBER
International Standard Book Number 0-7715-0901-4
082 ## - DEWEY DECIMAL CLASSIFICATION NUMBER
Classification number 513.93 WAL
100 ## - MAIN ENTRY--PERSONAL NAME
Author name WAALACE, M.
245 ## - TITLE STATEMENT
Title Mathematics for Business with Machine Applications
260 ## - PUBLICATION, DISTRIBUTION, ETC.
Place of publication, distribution, etc. Ontario,
Name of publisher, distributor, etc. Gage Educational Publishing Limited,
Date of publication, distribution, etc. 1977.
300 ## - PHYSICAL DESCRIPTION
Extent ix, 452p.: ill,; figure, graph, table
Other physical details Index.
Dimensions 23cm.
700 ## - ADDED ENTRY--PERSONAL NAME
Other authors/Editors PITZ, L.
942 ## - ADDED ENTRY ELEMENTS (KOHA)
Source of classification or shelving scheme Dewey Decimal Classification
Koha item type Books
Holdings
Date last seen Total checkouts Full call number Barcode Cost, replacement price Price effective from Koha item type Lost status Source of classification or shelving scheme Damaged status Not for loan Withdrawn status Home library Current library Shelving location Date acquired Cost, normal purchase price
03/19/2025   513.93 WAL 0000003925 30000.00 03/19/2025 Books   Dewey Decimal Classification       College of Business Education Main Library College of Business Education Main Library General Collection 03/19/2025 10000.00